000 00519nam a2200193 u 4500
005 20220903184834.0
008 110113s2008 es r 000 0 spa d
020 _a9788466319034
035 _aUPN01000178973
049 _aCG
050 4 _aPQ8519 B4
_bA5.2a
100 1 _aBenedetti, Mario,
_d1920-2009
245 1 0 _aAndamios /
_cMario Benedetti.
260 _aMadrid :
_bPunto de Lectura,
_cc2008.
300 _a331 p.
440 0 _aPunto de lectura ;
_v11.10
650 0 _aNovela uruguaya
_95074
905 _aLibro
999 _c151076
_d151076